| 000 | 00873nam a22003017a 4500 | ||
|---|---|---|---|
| 003 | CHAP | ||
| 005 | 20220329143154.0 | ||
| 008 | 061010d1997 us r 00110 eng d | ||
| 010 | _a92857 | ||
| 011 | _a93829 | ||
| 020 | _a0811813509 | ||
| 035 | _a104410 | ||
| 040 | _cCHAP | ||
| 082 | 0 | 4 |
_a634.63 _bK5 |
| 100 | 1 |
_aKnickerbocker, Peggy _963507 |
|
| 245 | 1 | 0 |
_aOlive oil : _bfrom tree to table _c/by Peggy Knickerbocker |
| 260 |
_aSan Francisco, California : _bChronicle books, _c1997. |
||
| 300 |
_a167 p. : _bilus. |
||
| 590 |
_aBATCH-UPD _b10 _c20130110 _lUCH01 _h0453 |
||
| 590 |
_aCONVERSION _b10 _c20130109 _lUCH01 _h1351 |
||
| 650 | 1 | 4 |
_aAceite de oliva. _9442 |
| 650 | 1 | 4 |
_aOlivo. _983127 |
| 650 | 1 | 4 |
_aRecetas de cocina. _994984 |
| 901 | _aBK | ||
| 905 | _aLilia | ||
| 942 | _cLIBRO | ||
| 949 |
_a634.63 K5 _bBC _cLIBRO _d33724000995262 _eLIBRO _h108294 _i104410 _si |
||
| 999 |
_c92857 _d92857 |
||